000 00336nam a2200145Ia 4500
005 20251222144749.0
008 251222s9999||||xx |||||||||||||| ||spa||
020 _a8476250576
082 _a616.716/D75
100 _aDíez Pérez, A.
245 0 _aOsteoporosis
250 _a1ra. ed.
264 _bEditorial MCR, S. A.
942 _cLIB
999 _c19277
_d19277